000 00290 a2200121 4500
001 146961
040 _cEscola São Tomás de Aquino
100 _aMACHADO, Ana Maria
240 1 0 _aO segredo da oncinha
_lpor
245 1 0 _aO segredo da oncinha
697 _a*LITERATURA INFANTO
942 _cBK
999 _c146961
_d146961